[Event "Titled Tuesday intern op 23rd Jul Late"]
[Site "Chess.com INT"]
[Date "2024.07.23"]
[Round "9"]
[White "Holt, Conrad"]
[Black "Ambartsumian, Tyhran"]
[Result "1-0"]
[WhiteElo "2540"]
[BlackElo "2156"]
[PlyCount "91"]
[EventDate "2024.07.23"]
[EventType "swiss (blitz)"]
[EventRounds "11"]
[EventCountry "USA"]
[SourceTitle "EXT 2025"]
[Source "ChessBase"]
[SourceDate "2024.10.14"]
[SourceVersion "1"]
[SourceVersionDate "2024.10.14"]
[SourceQuality "1"]

1. d4 Nf6 2. c4 g6 3. Nc3 Bg7 4. e4 d6 5. Nf3 0-0 6. h3 e5 7. d5 Nbd7 8. Bg5 h6 9. Be3 Nc5 10. Nd2 a5 11. g4 c6 12. Be2 Bd7 13. h4 Qe8 14. g5 hxg5 15. hxg5 Nh7 16. Nb3 Nxb3 17. axb3 cxd5 18. Qxd5 Bc6 19. Qxd6 Rd8 20. Qc7 Rd4 21. f3 f5 22. gxf6 Nxf6 23. Rxa5 Rd7 24. Qb6 Qf7 25. Nd5 Rfd8 26. Rg1 Nh5 27. Bg5 Rf8 28. Qc5 Re8 29. Ra1 Nf4 30. Rd1 Bxd5 31. cxd5 Rf8 32. Bxf4 exf4 33. d6 Qf6 34. Bc4+ Kh7 35. Rh1+ Bh6 36. Rd2 Rh8 37. e5 Qg5 38. Rdh2 Kg7 39. Kf1 Qg3 40. Rh3 Qg5 41. Qd4 Rf7 42. e6+ Rf6 43. d7 b6 44. e7 b5 45. d8Q Rxd8 46. exd8Q 1-0

[Event "Titled Tuesday intern op 16th Jul Late"]
[Site "Chess.com INT"]
[Date "2024.07.16"]
[Round "3"]
[White "Hambleton, Aman"]
[Black "Holt, Conrad"]
[Result "1-0"]
[WhiteElo "2420"]
[BlackElo "2540"]
[PlyCount "121"]
[EventDate "2024.07.16"]
[EventType "swiss (blitz)"]
[EventRounds "11"]
[EventCountry "USA"]
[SourceTitle "EXT 2025"]
[Source "ChessBase"]
[SourceDate "2024.10.14"]
[SourceVersion "1"]
[SourceVersionDate "2024.10.14"]
[SourceQuality "1"]

1. d4 d6 2. e4 g6 3. c4 Bg7 4. Nc3 Nd7 5. Be3 c5 6. Nge2 Ngf6 7. f3 a6 8. Qd2 h5 9. h4 Qa5 10. Nd5 Qxd2+ 11. Kxd2 Nxd5 12. cxd5 e6 13. dxe6 fxe6 14. Rd1 Kf7 15. Kc2 b5 16. dxc5 dxc5 17. Nf4 Bh6 18. Be2 Ra7 19. g3 Rc7 20. Bf2 Ne5 21. Nh3 Bb7 22. Ng5+ Ke7 23. Be3 Rf8 24. Bf4 Bg7 25. Nh7 Rh8 26. Ng5 Rcc8 27. Rhe1 Rhd8 28. Bf1 c4 29. Bh3 Rxd1 30. Rxd1 Nxf3 31. Nxe6 Bxe4+ 32. Kc1 Bf6 33. Ng5 Bxg5 34. Bxc8 Bxf4+ 35. gxf4 a5 36. Ba6 b4 37. Bxc4 Kf6 38. Be2 Kf5 39. Rf1 Kxf4 40. a3 Ke3 41. Bxf3 Bxf3 42. axb4 axb4 43. Rg1 Bg4 44. Rg3+ Kf4 45. Rb3 g5 46. hxg5 Kxg5 47. Kd2 h4 48. Ke1 Bf3 49. Rxf3 Kg4 50. Kf2 h3 51. Rg3+ Kh4 52. Rg7 b3 53. Rh7+ Kg4 54. Kg1 Kg3 55. Kh1 Kg4 56. Rc7 Kf3 57. Rc3+ Kf2 58. Rxb3 h2 59. Rb8 Ke2 60. b4 Kd2 61. b5 1-0